LIBRARY & INFORMATION CENTRE, KCAET, TAVANUR

ONLINE PUBLIC ACCESS CATALOGUE (OPAC)

Objective soil physics (Record no. 14006)

MARC details
000 -LEADER
fixed length control field 00263nam a22001097a 4500
020 ## - INTERNATIONAL STANDARD BOOK NUMBER
ISBN 9788170356622
082 ## - DEWEY DECIMAL CLASSIFICATION NUMBER
Classification number 631.431
Item number SHA/OB
100 ## - MAIN ENTRY--AUTHOR NAME
Personal name Shashi Bhushan Kumar
245 ## - TITLE STATEMENT
Title Objective soil physics
260 ## - PUBLICATION, DISTRIBUTION, ETC. (IMPRINT)
Place of publication Delhi
Name of publisher Daya Publishing House
Year of publication 2010
942 ## - ADDED ENTRY ELEMENTS (KOHA)
Koha item type Books
Holdings
Withdrawn status Lost status Damaged status Collection code Home library Current library Shelving location Date acquired Source of acquisition Cost, normal purchase price Full call number Accession Number Koha item type
      Non-fiction KAUAET KAUAET General Stacks 30/03/2013 A & A , Tvpm 220.00 631.431 SHA/OB 23830 Books
free website counter